header

Building procurement (Record no. 64918)

MARC details
000 -LEADER
fixed length control field 02092nam a2200409 a 4500
082 04 - DEWEY DECIMAL CLASSIFICATION NUMBER
Classification number 658.15/242
100 1# - MAIN ENTRY--AUTHOR NAME
Personal name Morledge, Roy.
245 10 - TITLE STATEMENT
Title Building procurement
250 ## - EDITION STATEMENT
Edition statement 2nd ed.
260 ## - PUBLICATION, DISTRIBUTION, ETC. (IMPRINT)
Place of publication Chichester, West Sussex, U.K. :
Name of publisher Wiley-Blackwell,
Year of publication 2013.
300 ## - PHYSICAL DESCRIPTION
Number of Pages xvi, 327 p. :
Other physical details ill.
505 0# - FORMATTED CONTENTS NOTE
Formatted contents note Procurement strategy : a literature review -- Principles of strategic procurement -- Public sector projects -- Project initiation -- Briefing and the design process -- Procurement strategies and procurement routes -- Project team selection -- Managing the procurement process -- The value of design -- Risk -- Partnering culture and the management of relationships -- Privately financed public sector projects -- Construction procurement: europe, the middle east and china -- Procurement of work to heritage buildings -- Summary.
650 #0 - SUBJECT ADDED ENTRY--TOPICAL TERM
Topical Term Construction industry
Topical Term Construction industry
Topical Term Construction industry
Topical Term Industrial procurement
Topical Term Industrial procurement
Topical Term Industrial procurement
700 1# - ADDED ENTRY--PERSONAL NAME
Personal name Smith, Adrian,
856 40 - ELECTRONIC LOCATION AND ACCESS
Uniform Resource Identifier http://site.ebrary.com/lib/rucke/Doc?id=10657898

No items available.

© 2026 Rongo University
Contact us: librarian | system librarian | Rongo university